| 000 | 00437nam a2200145Ia 4500 | ||
|---|---|---|---|
| 008 | 170224s9999 xx 000 0 und d | ||
| 100 | _aStephen L. Wearing | ||
| 245 | _aVolunteer tourism: popular humanitarianism in neo-liberal times | ||
| 245 | _cStephen L. Wearing | ||
| 260 | _bJournal of Policy Research in Tourism, Leisure and Events | ||
| 260 | _c2016 | ||
| 300 | _a8:1, Pages: 92-93 | ||
| 500 | _a2016 | ||
| 650 | _xTourism. | ||
| 999 |
_c315642 _d315642 |
||